000
00295nam a22001337a 4500
008
170524b xxu||||| |||| 00| 0 eng d
020
_a
9020705512
041
_a
eng
080
_a
62
100
_a
26
101
_a
IM
245
_a
ANNALS OF SYSTEMS RESEARCH
_c
ROOTSELAAR,B.V
942
_2
udc
_c
BK
999
_c
14014
_d
14014